The icon & the idealist : (Record no. 403341)
[ view plain ]
| 000 -LEADER | |
|---|---|
| fixed length control field | 02004nam a2200349 i 4500 |
| 001 - CONTROL NUMBER | |
| control field | in902901275 |
| 005 - DATE AND TIME OF LATEST TRANSACTION | |
| control field | 20250106155600.0 |
| 008 - FIXED-LENGTH DATA ELEMENTS--GENERAL INFORMATION | |
| fixed length control field | 241108s2024 nyua b 001 0deng d |
| 020 ## - INTERNATIONAL STANDARD BOOK NUMBER | |
| International Standard Book Number | 9780063036291 |
| Qualifying information | (hardcover) |
| 035 ## - SYSTEM CONTROL NUMBER | |
| System control number | (OCoLC)1464935968 |
| 040 ## - CATALOGING SOURCE | |
| Original cataloging agency | TnLvILS |
| Language of cataloging | eng |
| Transcribing agency | TnLvILS |
| Description conventions | rda |
| 043 ## - GEOGRAPHIC AREA CODE | |
| Geographic area code | n-us--- |
| 092 ## - LOCALLY ASSIGNED DEWEY CALL NUMBER (OCLC) | |
| Classification number | general nonfiction |
| Item number | 363.9 Gorton, Stephanie |
| 100 1# - MAIN ENTRY--PERSONAL NAME | |
| Personal name | Gorton, Stephanie, |
| Dates associated with a name | 1984- |
| Relator term | author. |
| 9 (RLIN) | 6536790 |
| 245 14 - TITLE STATEMENT | |
| Title | The icon & the idealist : |
| Remainder of title | Margaret Sanger, Mary Ware Dennett, and the rivalry that brought birth control to America / |
| Statement of responsibility, etc | Stephanie Gorton. |
| 246 1# - VARYING FORM OF TITLE | |
| Title proper/short title | Icon and the idealist. |
| 250 ## - EDITION STATEMENT | |
| Edition statement | First edition. |
| 264 #1 - Production, Publication, Distribution, Manufacture, and Copyright Notice. | |
| Place of production, publication, distribution, manufacture | New York, NY : |
| Name of producer, publisher, distributor, manufacturer | Ecco, an imprint of HarperCollinsPublishers, |
| Date of production, publication, distribution, manufacture, or copyr | [2024] |
| 300 ## - PHYSICAL DESCRIPTION | |
| Extent | 464 pages : |
| Other physical details | illustrations ; |
| Dimensions | 23 cm. |
| 336 ## - Content Type | |
| Content type term | text |
| 337 ## - Media type | |
| Media type term | unmediated |
| 338 ## - Carrier type | |
| Carrier type term | volume |
| 504 ## - BIBLIOGRAPHY, ETC. NOTE | |
| Bibliography, etc | Includes bibliographical references and index. |
| 520 ## - SUMMARY, ETC. | |
| Summary, etc | "In the 1910s, as the birth control movement was born, two leaders emerged: Margaret Sanger and Mary Ware Dennett. While Sanger would go on to found Planned Parenthood, Dennett's name has largely faded from public knowledge. Each held a radically different vision for what reproductive autonomy and birth control access should look like in America. ... Meticulously researched and vividly drawn, [this book] reveals how and why these two women came to activism, the origins of the clash between them, and the ways in which their missteps and breakthroughs have reverberated across American society for generations"-- |
| 600 10 - SUBJECT ADDED ENTRY--PERSONAL NAME | |
| Personal name | Sanger, Margaret, |
| Dates associated with a name | 1879-1966. |
| 9 (RLIN) | 6536791 |
| 600 10 - SUBJECT ADDED ENTRY--PERSONAL NAME | |
| Personal name | Dennett, Mary Ware, |
| Dates associated with a name | 1872-1947. |
| 9 (RLIN) | 6536792 |
| 650 #0 - SUBJECT ADDED ENTRY--TOPICAL TERM | |
| Topical term or geographic name as entry element | Women social reformers |
| Geographic subdivision | United States. |
| 9 (RLIN) | 97461 |
| 650 #0 - SUBJECT ADDED ENTRY--TOPICAL TERM | |
| Topical term or geographic name as entry element | Reproductive rights |
| Geographic subdivision | United States |
| General subdivision | History. |
| 9 (RLIN) | 6536793 |
| 650 #0 - SUBJECT ADDED ENTRY--TOPICAL TERM | |
| Topical term or geographic name as entry element | Birth control |
| Geographic subdivision | United States |
| General subdivision | History. |
| 9 (RLIN) | 6536794 |
| 650 #0 - SUBJECT ADDED ENTRY--TOPICAL TERM | |
| Topical term or geographic name as entry element | Contraceptives |
| Geographic subdivision | United States |
| General subdivision | History. |
| 9 (RLIN) | 6536795 |
| 942 ## - ADDED ENTRY ELEMENTS (KOHA) | |
| Source of classification or shelving scheme | Dewey Decimal Classification |
| Koha item type | BOOK |
| Withdrawn status | Lost status | Source of classification or shelving scheme | Damaged status | Not for loan | Collection code | Home library | Current library | Shelving location | Date acquired | Source of acquisition | Total Checkouts | Total Renewals | Full call number | Barcode | Date last seen | Date checked out | Cost, replacement price | Price effective from | Koha item type |
|---|---|---|---|---|---|---|---|---|---|---|---|---|---|---|---|---|---|---|---|
| Dewey Decimal Classification | General NonFiction | Wasatch County Library | Wasatch County Library | Second Floor | 01/06/2025 | Micromarketing | 3 | 2 | 363.9 Gorton | 34301002089011 | 03/03/2026 | 05/16/2025 | 32.00 | 01/06/2025 | BOOK |
